| 000 | 01490nam a22003730a 4500 | ||
|---|---|---|---|
| 001 | PT18336 | ||
| 003 | AR-LpoUNG | ||
| 005 | 20210131232807.0 | ||
| 008 | 191001s1998||||ag |||||||||||||||||spa d | ||
| 020 |
_a9879579011 _c$28 |
||
| 040 |
_aAR-LpoUNG _bspa _cAR-LpoUNG _eaacr |
||
| 041 | _aspa | ||
| 044 | _aag | ||
| 082 | 0 | _a982 419cro | |
| 100 | 1 | _aDepetris, José Carlos | |
| 245 | 1 | 0 | _aCrónicas Ranquelinas |
| 250 | _a1ra. ed. | ||
| 260 |
_aLa Pampa : _bMinisterio de Cultura y Educación, _c1998. |
||
| 300 |
_a149 p. : _bfot. |
||
| 520 | _a<p>Esta obra se concentra en la ríspida relación que existió entre aborígenes y blancos en el período que va aproximadamente de 1860 a 1900 sin que falten referencias a épocas anteriores y posteriores. Este libro entonces se inscribe en la bibliografía de lo que generalmente se llama la conquista del desierto o las guerras entre el blanco y el indio.</p> | ||
| 650 | 4 | _aARGENTINA | |
| 650 | 4 | _aHISTORIA SOCIAL | |
| 650 | 4 | _aPOBLACION | |
| 650 | 4 | _aPOBLACION INDIGENA | |
| 650 | 4 | _aSOCIEDAD | |
| 653 | _aLA PAMPA | ||
| 653 | _aRIVADAVIA, MARTIN | ||
| 653 | _aROSAS, FELIPE MARIANO | ||
| 700 | 1 | _aCazenave, H. Walter | |
| 710 | 2 | _aArgentina. Presidencia. Secretaría de Desarrollo Social. Instituto Nacional de Asuntos Indígenas | |
| 710 | 2 | _aLa Pampa (provincia). Ministerio de Cultura y Educación. Subsecretaría de Cultura. Departamento de Investigaciones Culturales | |
| 905 | _a18336 | ||
| 942 | _cLIB | ||
| 999 |
_c17548 _d17548 |
||